书目信息 |
| 题名: |
艺术创作与社会价值观
|
|
| 作者: | 韩禹锋 , 杨阳 阳著 | |
| 分册: | ||
| 出版信息: | 长春 吉林美术出版社 2018 |
|
| 页数: | 177页 | |
| 开本: | 24cm | |
| 丛书名: | ||
| 单 册: | ||
| 中图分类: | J04 , D616 | |
| 科图分类: | ||
| 主题词: | 艺术创作--Yi Shu Chuang Zuo--关系--社会主义建设--价值论--研究--中国 | |
| 电子资源: | ||
| ISBN: | 978-7-5575-3441-7 | |
| 000 | 01139nam0 2200277 450 | |
| 001 | 012001006514 | |
| 005 | 20131016171336.0 | |
| 010 | @a978-7-5575-3441-7@dCNY48.00 | |
| 099 | @aCAL 012019056910 | |
| 100 | @a20190430d2018 em y0chiy50 ea | |
| 101 | 0 | @achi |
| 102 | @aCN@b220000 | |
| 105 | @ay a 000yy | |
| 106 | @ar | |
| 200 | 1 | @a艺术创作与社会价值观@Ayi shu chuang zuo yu she hui jia zhi guan@f韩禹锋, 杨阳著 |
| 210 | @a长春@c吉林美术出版社@d2018 | |
| 215 | @a177页@d24cm | |
| 320 | @a有书目 (第173-177页) | |
| 330 | @a本书对艺术创作的发展现状、表现形式及其与社会主流价值观的融合与发展问题做了研究。具体来说,本书内容主要包括以下两个部分:第一,对艺术、艺术创作和社会主义核心价值观的内涵、特点等问题做了介绍;第二,介绍了主要艺术创作形式与社会价值观的相关问题,主要包括文学创作、戏剧艺术、电影艺术、电视艺术、动画艺术、音乐艺术以及绘画艺术等等。 | |
| 606 | 0 | @a艺术创作@AYi Shu Chuang Zuo@x关系@x社会主义建设@x价值论@x研究@y中国 |
| 690 | @aJ04@v5 | |
| 690 | @aD616@v5 | |
| 701 | 0 | @a韩禹锋@Ahan yu feng@4阳著 |
| 701 | 0 | @a杨阳@Ayang yang@4著 |
| 801 | 0 | @aCN@b上海新华@c20191020 |
| 905 | @b1099775-8@dJ04@e469@f4 | |
| 艺术创作与社会价值观/韩禹锋, 杨阳著.-长春:吉林美术出版社,2018 |
| 177页;24cm |
| ISBN 978-7-5575-3441-7:CNY48.00 |
| 本书对艺术创作的发展现状、表现形式及其与社会主流价值观的融合与发展问题做了研究。具体来说,本书内容主要包括以下两个部分:第一,对艺术、艺术创作和社会主义核心价值观的内涵、特点等问题做了介绍;第二,介绍了主要艺术创作形式与社会价值观的相关问题,主要包括文学创作、戏剧艺术、电影艺术、电视艺术、动画艺术、音乐艺术以及绘画艺术等等。 |
| ● |
| 相关链接 |
|
|
|
|
正题名:艺术创作与社会价值观
索取号:J04/469
 
预约/预借
| 序号 | 登录号 | 条形码 | 馆藏地/架位号 | 状态 | 备注 |
| 1 | 1099775 | 210997750 | 第一样本阅览室/ [索取号:J04/469] | 在馆 | |
| 2 | 1099776 | 210997769 | 第一借阅区/ [索取号:J04/469] | 在馆 | |
| 3 | 1099777 | 210997778 | 第一借阅区/ [索取号:J04/469] | 在馆 | |
| 4 | 1099778 | 210997787 | 第一借阅区/ [索取号:J04/469] | 在馆 |